| 000 | 00743nas a2200229 i 4500 | ||
|---|---|---|---|
| 001 | 188698 | ||
| 003 | ES-MaACL | ||
| 005 | 20250217134928.0 | ||
| 008 | 190130d19591985sp a| | ||pa d | ||
| 022 | _a0425-2799 | ||
| 100 | 0 |
_aAlvaro, Francisco. _921015 |
|
| 245 | 1 | 3 |
_aEl Espectador y la crítica : _bel teatro en España en ... / _cFrancisco Álvaro. |
| 260 |
_aValladolid : _bSever-Cuesta, _cD.L. 1959-1985. |
||
| 300 |
_a29 v. : _bil. ; _c21 cm. |
||
| 310 | _aAnual | ||
| 362 | 0 | _aAño 1 (1958) - Año 28 (1985) | |
| 580 | _aComenzó a publicarse en 1953 en el diario: El Norte de Castilla. | ||
| 852 |
_aES-MaACL _jP-404-bis |
||
| 852 |
_aES-MaACL _jL-11516 _z.- Año 1984 |
||
| 866 | 0 | _o1958-1985 | |
| 999 |
_c188698 _d188698 |
||